Polemos : (Record no. 143663)

MARC details
000 -LEADER
fixed length control field 00589nam a22001937a 4500
005 - DATE AND TIME OF LATEST TRANSACTION
control field 20170823103932.0
010 ## - LCCN (DPL NO)
LC control number ENG-119930
020 ## - INTERNATIONAL STANDARD BOOK NUMBER
International Standard Book Number 9386440601
Terms of availability 90.00
020 ## - INTERNATIONAL STANDARD BOOK NUMBER
International Standard Book Number 9789386440600
Terms of availability 90.00
035 ## - SYSTEM CONTROL NUMBER
System control number EN-103462
037 ## - SOURCE OF ACQUISITION
Source of stock number/acquisition DBAB/PUB
082 ## - DEWEY DECIMAL CLASSIFICATION NUMBER
Classification number S
100 ## - MAIN ENTRY--PERSONAL NAME
Personal name Roney, Tessy
245 ## - TITLE STATEMENT
Title Polemos :
Statement of responsibility, etc by Tessy Roney
Remainder of title the war between life and death /
260 ## - PUBLICATION, DISTRIBUTION, ETC. (IMPRINT)
Place of publication, distribution, etc Thrissur (kerala)
Name of publisher, distributor, etc Gmotivation an imprint of green books
Date of publication, distribution, etc 2017
270 ## - ADDRESS
Address Gb Building, Civil Lane Road, Ayyanthole,
City Thrissur (kerala)
Postal code 680003
300 ## - PHYSICAL DESCRIPTION
Extent 88p.
Dimensions 22cm(pbk)
942 ## - ADDED ENTRY ELEMENTS (KOHA)
Source of classification or shelving scheme Dewey Decimal Classification
Item type English Books
Classification part S
Call number suffix RON
Holdings
Withdrawn status Lost status Not for loan Collection code Home library Current library Date acquired Source of acquisition Cost, normal purchase price Full call number Barcode Copy number Cost, replacement price Koha item type
      Non-fiction D.B.Act.Division Mobile Library 22/08/2017 DBAD/PUB 90.00 S RON EN-103462 1 90.00 English Books

© Delhi Public Library
Hit Counter
free hit counter